Statistics for Guess These Badly Described Musicals

Click here to take the quiz!

General Stats

  • This quiz has been taken 287 times
  • The average score is 7 of 17

Answer Stats

HintAnswer% Correct
Farm girl's house falls on old lady. Teams up with people who are missing organs to kill old lady's sister.The Wizard of Oz
78%
Founding father is shot by best friendHamilton
75%
Bloke finds weird plant. Becomes famous. Kills everyone else with plantLittle Shop of Horrors
74%
Like ^, but different main charactersWicked
71%
Like Romeo and Juliet, but Juliet is poor and speaks SpanishWest Side Story
67%
Bored woman cheats on dumb husband. Tries to get weird bloke to pretend she didn't shoot her boyfriendChicago
65%
Doppelgänger cuts people's hair, then makes pie out of themSweeney Todd: The Demon Barber of Fleet Street
64%
Depressed teenager pretends he is gay for a dead guy in order to make himself not be invisibleDear Evan Hansen
49%
Depressed banker hires a lady on drugs to give his kids weird hallucinationsMary Poppins
43%
In strange world, only one furry character is allowed to go to heavenCats
42%
Bloke drinks Mountain Dew in order to become more popular. Instead becomes less popularBe More Chill
25%
Poor bloke is addicted to reprimanding his daughters for who they likeFiddler on the Roof
23%
Bloke is sad because he cannot pee. Gets thrown off building for loving president's daughterUrinetown
19%
An academic event that should not take very long is repeatedly interrupted by kids singingThe 25th Annual Putnam County Spelling Bee
15%
Unusually colored bloke is ordered by short guy to fall in love with shape-shifterShrek The Musical
13%
Banker illegally gets on boat. Falls in love with girl married to British guy. Pretends to be gangster.Anything Goes
10%
Songwriter has the bright idea to make girl cheat on boyfriend on TVBye Bye Birdie
2%

Score Distribution

Percentile by Number Answered

Percent of People with Each Score

Your Score History

You have not taken this quiz